000 01220nam0a22003491 4500
001 RU\NLR\INFOCOMM_190\5000042315
005 20250613093123.0
035 _a(NLR Aleph) 009190872
090 _a8629572
_c8629572
100 _a20100403d1977 |||y0rusy50 ca
101 1 _aeng
_crus
102 _aRU
105 _ay ||||000|y
200 1 _aCharmonium and gluons
_fV. A. Novikov, L. B. Okun, M. A. Shifman [и др.]
210 _aΜ.
_d1977
215 _a20 с.
_d25 см
225 1 _aˆ[‰Preprint]
_fInst. of theoretical and experimental physics
_vITEP-57
300 _aВ вып. дан.: В. А. Новиков [и др.]. Чармоний и глюоны
320 _aБиблиогр.: с. 11-19
606 _aГлюоны
_2nlr_sh1
606 _aЧастицы (физ.) очарованные
_2nlr_sh1
686 _aВ382.145
_2rubbk
701 1 _aNovikov
_bV. A.
_4070
701 1 _9z01790
_aOkun'
_bL. B.
_f1929
_gLev Borisovič
_4070
701 1 _9z02790
_aŠifman
_bM. A.
_gMichail Arkad'jevič
_4070
790 1 _9z01701
_aOkun
_bL. B.
_4070
790 1 _9z02701
_aShifman
_bM. A.
_4070
801 1 _aRU
_bNLR
_c20100403
801 0 _aRU
_bNLR
_gPSBO
852 _aNLR
_jФз01 Д-8/191
942 _cBOOK
980 _aNB